000 00314nam a2200133Ia 4500
999 _c7884
_d7884
008 191201s2012 xx 000 0 und d
020 _a9789332518858
100 _aSOMMERVILLE, Ian
245 0 _aSoftware Engineering
250 _aIMP
260 _c2012
_bPearson
_aNEW DELHI
300 _a773
942 _2ddc
_cBK
_04